| 000 | 00000nam##2200000za#4500 |
| 001 | 9.699140 |
| 003 | CaOODSP |
| 005 | 20210705115228 |
| 007 | cr ||||||||||| |
| 008 | 150407|1998||||xxc|||||o f|0| 0 eng|d |
| 040 | |aCaOODSP|beng |
| 043 | |an-cn--- |
| 086 | 1 |aH118-95/1998E-PDF |
| 110 | 1 |aCanada. |bCanadian Institute for Health Information. |
| 245 | 10|aCase mix tools for decision making in health care / |h[electronic resource]|ceditors, Lina M. Johnson, Julie Richards, George H. Pink, and Lindsay Campbell. |
| 260 | |aOttawa - Ontario : |bCanadian Institute for Health Information |cc1998. |
| 300 | |a143p.|bfigs., glossary, graphs, references, tables |
| 590 | |a14-07-Supp|b2014-04-03 |
| 690 | 07|aDecision making|2gcpds |
| 690 | 07|aHealth care|2gcpds |
| 690 | 07|aTools|2gcpds |
| 856 | 40|ahttp://publications.gc.ca|qPDF|s1.20 MB|uhttps://publications.gc.ca/collections/collection_2014/icis-cihi/H118-95-1998-eng.pdf |